Sanat - "Meksikon pikajuna" - Statistics

Yleistilastot
  • Tätä visaa on pelattu 73 kertaa
  • Keskiarvotulos 97 / 229
Vastaustilastot
Vastaus % Oikein
Meksikon
100%
Pikajuna
100%
kiitää
96%
halki
89%
jo
89%
on
89%
89%
rataa
81%
ja
77%
kiiltävää
77%
molemmat
77%
Pat
77%
pat
77%
kuu
74%
naiset
74%
iso
72%
miehet
72%
pikku
70%
syy
70%
kuuluu
68%
lienee
68%
missä
68%
möllöttää
68%
Pete
68%
pete
68%
pysähdyksen
68%
juusto
66%
kaikki
66%
kojootin
66%
pysähtyy
66%
en
64%
haukku
64%
luokan
64%
tunnelma
64%
valokeilat
64%
vaunussa
64%
lakaisevat
62%
melkein
62%
vauhti
62%
ensi
60%
heiluttaa
60%
hiljenee
60%
kuin
60%
sierra
60%
Sierra
60%
uninen
60%
veturin
60%
kaksi
57%
matkustajat
57%
reikärautaa
57%
torkkuvat
57%
häipyy
55%
miestä
55%
ovi
55%
sisään
55%
aukeaa
53%
kumpainenkin
53%
meluun
53%
takaa
53%
vaunun
53%
mustanpuhuvaa
51%
suurta
51%
madren
49%
saa
49%
ylös
49%
joka
47%
kädet
47%
kas
47%
nyt
47%
silloin
47%
astuu
45%
Jarrut
45%
kattoon
45%
kirskahtaa
45%
laukaisee
45%
viedään
45%
voi
45%
huutaa
43%
kenkkuilee
43%
kuula
43%
rosvo
43%
sen
43%
sille
43%
käskyn
40%
kertaa
40%
mut
40%
pari
40%
ei
38%
gangstereita
38%
kun
38%
mitä
38%
niin
38%
taa
38%
terävän
38%
gentlemen
36%
lompakot
36%
olla
36%
pois
36%
tainnoksiin
36%
vois
36%
esiin
34%
jää
34%
lyödään
34%
säästäkää
34%
herra
32%
kukkarot
32%
lempimättä
32%
määräilee
32%
medaljongit
32%
tehdään
32%
vain
32%
meille
30%
muuten
30%
myös
30%
pyöriin
30%
rosvot
30%
vanhapiika
30%
aukaisee
28%
lompsan
28%
muuan
28%
syöksyy
28%
tehkää
28%
jokainen
26%
kehno
26%
kukaan
26%
muisto
26%
piiloluolaan
26%
teistä
26%
vartioi
26%
haa
23%
herrasmiesten
23%
heti
23%
hidalgo
23%
joukosta
23%
puheenvuoroa
23%
sanoo
23%
viisikymmenvuotias
23%
sormin
21%
uus
21%
viisainta
21%
ehdotus
19%
hetken
19%
hiljaisuus
19%
kelpo
19%
mitään
19%
mitäs
19%
naisten
19%
outo
19%
saamme
19%
tottunein
19%
Vastustaa
19%
evakuoi
17%
hääräilee
17%
haaremin
17%
hyppien
17%
kohti
17%
likat
17%
matkalaukut
17%
soi
17%
sormukset
17%
tasajalkaa
17%
tein
17%
vaatii
17%
yksin
17%
hohottelee
15%
kohta
15%
kurkkuaan
15%
loukosta
15%
myöskin
15%
saalis
15%
senores
15%
Seuraa
15%
soittelee
15%
suutaan
15%
syntyy
15%
uhreille
15%
aprikoi
13%
kiukkuaan
13%
tehdäänkin
13%
toiveet
13%
tutkii
13%
vihaa
13%
hän
11%
hidalgolle
11%
kohinaa
11%
kumppaninsa
11%
leimuten
11%
murahtaa
11%
niinpä
11%
parvessakin
11%
purkamaan
11%
ryhtyy
11%
sanoja
11%
silmät
11%
Jymisevä
9%
nauru
9%
okay
9%
yllättää
4%
Ehtoja vastaavia visoja ei löytynyt
Tulosjakauma
Jokaisen tuloksen saaneiden osuus
Persentiili vastausten määrän mukaan
Tuloshistoriasi
Et ole pelannut tätä visaa